000
00302nam a22001457a 4500
008
221004b ||||| |||| 00| 0 eng d
020
_a
9780446580465
041
_a
eng
080
_a
658
082
_2
658
100
_a
24.1
101
_a
LIDER
245
_a
IN CHARGE
_c
MUNROE M
942
_2
udc
_c
BK
999
_c
58332
_d
58332